| 000 | 00573nam a2200181Ia 4500 | ||
|---|---|---|---|
| 008 | 190422s9999 xx 000 0 und d | ||
| 100 | _aNerona, Randolfh | ||
| 245 | _aWar on crime and drugs: Understanding support for the anti-crime and anti-drugs campaign / | ||
| 245 | _cRandolfh Nerona.-- | ||
| 260 | _bPsychological Association of the Philippines | ||
| 260 | _c2017 | ||
| 300 | _apages 39-66, December 2017 | ||
| 440 |
_aPhilippine Journal of Psychology _v50(2) |
||
| 650 | _aBinding Foundations | ||
| 650 | _aPerception | ||
| 650 | _aRWA | ||
| 650 | _aThreat | ||
| 999 |
_c361463 _d361463 |
||